[Event "III Scaccomatto A"]
[Site "Torino ITA"]
[Date "2000.11.20"]
[Round "3"]
[White "De Barberis, Massimo"]
[Black "Genova, Ruzka"]
[Result "1-0"]
[WhiteElo "2103"]
[BlackElo "2191"]
[PlyCount "55"]
[EventDate "2000.11.18"]

1. d4 Nf6 2. Nc3 d5 3. Bg5 Bf5 4. Bxf6 exf6 5. e3 c6 6. Bd3 Bg6 7. Nf3 Be7 8.
Bxg6 hxg6 9. e4 dxe4 10. Nxe4 f5 11. Nc3 Nd7 12. Qd3 Qb6 13. O-O-O O-O-O 14.
Qc4 Bf6 15. Qxf7 g5 16. Ne5 Nf8 17. Qc4 Rh4 18. Qd3 g6 19. Nxg6 Rhxd4 20. Qxf5+
Nd7 21. Rxd4 Bxd4 22. Rd1 Bxf2 23. Ne7+ Kb8 24. Qd3 Be3+ 25. Kb1 Bf4 26. Ne4
Bc7 27. Qh3 Nf6 28. Rxd8+ 1-0

[Event "III Scaccomatto A"]
[Site "Torino ITA"]
[Date "2000.11.20"]
[Round "3"]
[White "Epishin, Vladimir V."]
[Black "Diana, Riccardo"]
[Result "1-0"]
[WhiteElo "2559"]
[BlackElo "1947"]
[PlyCount "39"]
[EventDate "2000.11.18"]

1. d4 d5 2. c4 c6 3. Nc3 Nf6 4. Nf3 dxc4 5. a4 Bf5 6. Nh4 Bc8 7. e3 e6 8. Bxc4
c5 9. O-O Nc6 10. Nf3 cxd4 11. exd4 Be7 12. Qe2 O-O 13. Rd1 Nb4 14. Ne5 Nbd5
15. Bg5 a6 16. Rd3 Nxc3 17. bxc3 Nd5 18. Bd2 Nf6 19. Re1 Bd7 20. d5 1-0

[Event "III Scaccomatto A"]
[Site "Torino ITA"]
[Date "2000.11.20"]
[Round "3"]
[White "Faraoni, Enrico"]
[Black "Malano, Francesco"]
[Result "1-0"]
[WhiteElo "2174"]
[BlackElo "2028"]
[PlyCount "71"]
[EventDate "2000.11.18"]

1. d4 Nf6 2. g4 d5 3. g5 Ne4 4. f3 Nd6 5. Nc3 c6 6. Bf4 Bf5 7. e3 e6 8. Bd3 Be7
9. e4 dxe4 10. fxe4 Bg6 11. Nf3 Nd7 12. Qd2 O-O 13. O-O c5 14. dxc5 Nxc5 15.
Rae1 a6 16. Ne5 Bh5 17. Qg2 f6 18. gxf6 Bxf6 19. Re3 Nf7 20. Nxf7 Bxf7 21. e5
Bh4 22. Bh6 Bg6 23. Rxf8+ Qxf8 24. Bxg6 gxh6 25. b4 Qf4 26. Rf3 Qc1+ 27. Rf1
Qe3+ 28. Kh1 Qxc3 29. bxc5 Qxe5 30. Qxb7 Qd5+ 31. Qxd5 exd5 32. Bf7+ Kg7 33.
Bxd5 Rb8 34. c6 Bf6 35. Rg1+ Kh8 36. c7 1-0

[Event "III Scaccomatto A"]
[Site "Torino ITA"]
[Date "2000.11.20"]
[Round "3"]
[White "Gleizerov, Evgeny"]
[Black "Georgiev, Vladimir"]
[Result "0-1"]
[WhiteElo "2569"]
[BlackElo "2577"]
[PlyCount "84"]
[EventDate "2000.11.18"]

1. d4 d6 2. Nf3 Nf6 3. c4 g6 4. Nc3 Bf5 5. d5 c5 6. Bg5 Bg7 7. Nd2 h6 8. Bh4 g5
9. Bg3 Bg6 10. e3 Nh5 11. Nb3 a5 12. a4 Qb6 13. Nb5 Bxb2 14. Ra2 Bg7 15. Bd3
Bxd3 16. Qxd3 Na6 17. Re2 Nb4 18. Qf5 Qd8 19. Kd2 Qd7 20. e4 Qxf5 21. exf5 Nxg3
22. hxg3 Kd7 23. Ke3 Ra6 24. g4 Rb6 25. Rd2 Rxb5 26. axb5 a4 27. Nc1 a3 28. Na2
Ra8 29. Rb1 Ra4 30. Ke2 Kc7 31. Rb3 Kb6 32. f3 Be5 33. Kd1 Nxa2 34. Rxa2 Rxc4
35. Raxa3 Rd4+ 36. Rd3 Rxd3+ 37. Rxd3 c4 38. Ra3 Kxb5 39. Ra7 Kb6 40. Ra8 Kc5
41. Ra7 b5 42. Rxe7 f6 0-1

[Event "III Scaccomatto A"]
[Site "Torino ITA"]
[Date "2000.11.20"]
[Round "3"]
[White "Quinn, Mark Peter"]
[Black "Rossi, Giampiero"]
[Result "1-0"]
[WhiteElo "2381"]
[BlackElo "2101"]
[PlyCount "87"]
[EventDate "2000.11.18"]

1. c4 e6 2. g3 d5 3. d4 Nf6 4. Bg2 c6 5. Nf3 Nbd7 6. Qc2 Be7 7. O-O O-O 8. Nbd2
b6 9. Rd1 Bb7 10. b3 Rc8 11. e4 Qc7 12. Bb2 Rfd8 13. Rac1 Qb8 14. e5 Ne8 15. c5
bxc5 16. Ba3 Bf8 17. dxc5 Nxe5 18. Nxe5 Qxe5 19. Nf3 Qh5 20. Rd4 f6 21. Ra4 Ra8
22. Rh4 Qg6 23. Bh3 Nc7 24. Qd2 Re8 25. Nd4 Nb5 26. Bxe6+ Rxe6 27. Nxe6 Nxa3
28. Qb2 Nb5 29. a4 a6 30. axb5 axb5 31. Nd4 Re8 32. Rf4 Re4 33. Rxe4 Qxe4 34.
Qd2 g6 35. Re1 Qg4 36. b4 Qd7 37. Qf4 f5 38. Ne6 Bc8 39. Qe5 Qxe6 40. Qxe6+
Bxe6 41. Rxe6 Bg7 42. Rxc6 Bc3 43. Rb6 Bxb4 44. Rxb5 1-0

[Event "III Scaccomatto A"]
[Site "Torino ITA"]
[Date "2000.11.20"]
[Round "3"]
[White "Racioppo, Paolo"]
[Black "Antoniacci, Riccardo"]
[Result "1-0"]
[WhiteElo "2189"]
[BlackElo "2065"]
[PlyCount "51"]
[EventDate "2000.11.18"]

1. e4 c5 2. d3 Nc6 3. g3 d5 4. Nd2 Nf6 5. Bg2 Bg4 6. f3 Bd7 7. Ne2 h5 8. h3 Qc7
9. f4 dxe4 10. dxe4 O-O-O 11. c3 e5 12. f5 g6 13. fxg6 Bh6 14. Rf1 Qd6 15. gxf7
Kb8 16. Qc2 Na5 17. b3 Bc8 18. Nf3 Nd7 19. Bxh6 Qxh6 20. Qd2 Qxd2+ 21. Nxd2 Nf8
22. O-O-O Ne6 23. Nf3 Nc6 24. Nh4 Ne7 25. Ng1 Ng5 26. Rxd8 1-0

[Event "III Scaccomatto A"]
[Site "Torino ITA"]
[Date "2000.11.20"]
[Round "3"]
[White "Raviola, Giuseppe"]
[Black "Maccagno, Giancarlo"]
[Result "0-1"]
[WhiteElo "1909"]
[BlackElo "2152"]
[PlyCount "84"]
[EventDate "2000.11.18"]

1. e4 c5 2. Nf3 e6 3. d4 cxd4 4. Nxd4 Nf6 5. Nc3 Qb6 6. Nb3 Bb4 7. f3 Nc6 8.
Bd2 O-O 9. a3 Be7 10. Bd3 d5 11. Qe2 d4 12. Na4 Qc7 13. c3 Rd8 14. cxd4 Nxd4
15. Nxd4 Rxd4 16. Nc3 Qd8 17. Bc2 a6 18. Be3 Rd7 19. Na4 Qa5+ 20. b4 Qe5 21.
O-O Rc7 22. Nb6 Rb8 23. g3 Nd7 24. Nxd7 Bxd7 25. Rad1 Qb2 26. Rd2 Rbc8 27. Ba4
Qxa3 28. Bxd7 Rd8 29. Bb6 Rdxd7 30. Bxc7 Rxc7 31. Rfd1 g6 32. b5 axb5 33. Qxb5
Qxf3 34. Rd8+ Bf8 35. Qe5 Qe3+ 36. Kg2 Rc2+ 37. Kh3 Qh6+ 38. Kg4 f5+ 39. Kf3
Qh5+ 40. Ke3 Qe2+ 41. Kf4 Qg4+ 42. Ke3 f4+ 0-1

[Event "III Scaccomatto A"]
[Site "Torino ITA"]
[Date "2000.11.20"]
[Round "3"]
[White "Sarno, Spartaco"]
[Black "Jurkovic, Ante"]
[Result "1/2-1/2"]
[WhiteElo "2398"]
[BlackElo "2370"]
[PlyCount "112"]
[EventDate "2000.11.18"]

1. c4 g6 2. g3 Bg7 3. Bg2 e5 4. Nc3 f5 5. d3 d6 6. Rb1 Nf6 7. Nf3 O-O 8. O-O h6
9. b4 Nc6 10. b5 Ne7 11. Ne1 g5 12. Qb3 f4 13. Nc2 Kh8 14. Ba3 Rb8 15. c5 Nf5
16. Qa4 Be6 17. Qxa7 Nd4 18. Nxd4 exd4 19. cxd6 cxd6 20. Qxd4 Nd5 21. Qe4 Nxc3
22. Qxe6 Rf6 23. Qg4 Nxb1 24. Rxb1 Qa5 25. Bb4 Qxa2 26. Rc1 Qb2 27. Rc4 Qb1+
28. Bf1 Rbf8 29. f3 d5 30. Bxf8 Rxf8 31. Rc8 fxg3 32. hxg3 Qxb5 33. d4 Qb6 34.
e3 Qf6 35. Bd3 Rxc8 36. Qxc8+ Qf8 37. Qf5 Qxf5 38. Bxf5 Bf8 39. Be6 Kg7 40.
Bxd5 b5 41. g4 Bd6 42. Kf2 Kg6 43. Ke2 h5 44. gxh5+ Kxh5 45. Kd3 g4 46. Bf7+
Kh4 47. fxg4 Kxg4 48. Ke4 Kg5 49. Be8 b4 50. Ba4 Kf6 51. Kd5 Ke7 52. e4 Bb8 53.
e5 Ba7 54. Kc4 Bb6 55. Bb3 Ba7 56. d5 Bb8 1/2-1/2

[Event "III Scaccomatto A"]
[Site "Torino ITA"]
[Date "2000.11.20"]
[Round "3"]
[White "Spinelli, Doriano"]
[Black "Soncin, Denis"]
[Result "0-1"]
[WhiteElo "2189"]
[BlackElo "2147"]
[PlyCount "76"]
[EventDate "2000.11.18"]

1. e4 c5 2. Nc3 Nc6 3. g3 Nf6 4. Bg2 g6 5. d3 Bg7 6. Be3 d6 7. h3 Rb8 8. Nge2
O-O 9. g4 b5 10. Ng3 b4 11. Nce2 Bb7 12. O-O Nd7 13. Qc1 e5 14. c3 Re8 15. Qd2
Nb6 16. f4 bxc3 17. bxc3 exf4 18. Nxf4 Ne5 19. Rab1 Ba6 20. c4 Bxc4 21. Ngh5
gxh5 22. Nxh5 Bxd3 23. Bg5 Qc7 24. Nxg7 Bxf1 25. Nxe8 Rxe8 26. Rxf1 Nbd7 27.
Rd1 Re6 28. Rb1 c4 29. Qd5 Qc5+ 30. Kh1 Qxd5 31. exd5 Re8 32. Rb7 Rc8 33. Be4
Nc5 34. Bf5 Nxb7 35. Bxc8 Nc5 36. Kg2 c3 37. Bf5 Ncd3 38. Bxd3 Nxd3 0-1

[Event "III Scaccomatto A"]
[Site "Torino ITA"]
[Date "2000.11.20"]
[Round "3"]
[White "Straub, Peter"]
[Black "Saccona, Silvano"]
[Result "1-0"]
[WhiteElo "2086"]
[BlackElo "2113"]
[PlyCount "72"]
[EventDate "2000.11.18"]

1. d4 c6 2. Nf3 Nf6 3. c4 d6 4. Nc3 g6 5. g3 Bg7 6. Bg2 O-O 7. O-O Bg4 8. h3
Bxf3 9. Bxf3 Nbd7 10. e4 Qc7 11. Be3 a6 12. Rc1 Rad8 13. d5 c5 14. Qd2 Rb8 15.
Be2 Qc8 16. Qc2 Re8 17. Rcd1 Nf8 18. Kg2 Qd7 19. f4 Qc7 20. e5 N6d7 21. e6 fxe6
22. dxe6 Nxe6 23. Nd5 Qa5 24. Bg4 Nef8 25. f5 Ne5 26. fxg6 Nfxg6 27. Be6+ Kh8
28. h4 Nf8 29. Bf7 Red8 30. h5 h6 31. Nxe7 Rd7 32. Ng6+ Nexg6 33. hxg6 Re7 34.
Bf4 Be5 35. Bxh6 Qxa2 36. Rh1 d5 1-0

[Event "III Scaccomatto A"]
[Site "Torino ITA"]
[Date "2000.11.20"]
[Round "3"]
[White "Valenti, Giuseppe"]
[Black "Scarenzio, Renato"]
[Result "0-1"]
[WhiteElo "2190"]
[BlackElo "2024"]
[PlyCount "62"]
[EventDate "2000.11.18"]

1. e4 c6 2. d4 d5 3. Nd2 dxe4 4. Nxe4 Nd7 5. Bc4 Ngf6 6. Ng5 e6 7. Qe2 Nb6 8.
Bb3 h6 9. N5f3 c5 10. Bf4 Nbd5 11. Be5 Qa5+ 12. Nd2 cxd4 13. Bxd4 Bd7 14. O-O-O
Be7 15. Nc4 Qb4 16. a3 Qb5 17. Nf3 O-O 18. Nfe5 a5 19. Nxd7 Nxd7 20. Qg4 N7f6
21. Qg3 a4 22. Ba2 Rac8 23. Nd6 Bxd6 24. Qxd6 Qe2 25. c4 b5 26. c5 Rfd8 27. Qg3
e5 28. Rhe1 Nf4 29. Kb1 Rxd4 30. Rxe2 Rxd1+ 31. Kc2 Rc1+ 0-1

[Event "III Scaccomatto A"]
[Site "Torino ITA"]
[Date "2000.11.21"]
[Round "4"]
[White "Diana, Riccardo"]
[Black "Sarno, Spartaco"]
[Result "0-1"]
[WhiteElo "1947"]
[BlackElo "2398"]
[PlyCount "42"]
[EventDate "2000.11.18"]

1. e4 d6 2. d4 Nf6 3. Bd3 e5 4. c3 d5 5. dxe5 Nxe4 6. Nf3 Nc6 7. Qe2 Nc5 8. Bc2
Bg4 9. Bf4 d4 10. Be4 Qd7 11. Bxc6 Qxc6 12. cxd4 Bxf3 13. gxf3 Ne6 14. Be3 Bb4+
15. Nd2 Bxd2+ 16. Kxd2 O-O-O 17. Rhc1 Nxd4 18. Bxd4 Rxd4+ 19. Ke1 Qd5 20. Rd1
Re8 21. f4 Qh1+ 0-1

[Event "III Scaccomatto A"]
[Site "Torino ITA"]
[Date "2000.11.21"]
[Round "4"]
[White "Fittante, Giuliana"]
[Black "Faraoni, Enrico"]
[Result "0-1"]
[WhiteElo "1812"]
[BlackElo "2174"]
[PlyCount "54"]
[EventDate "2000.11.18"]

1. d4 e5 2. dxe5 f6 3. exf6 Nxf6 4. Nc3 Bc5 5. e3 d5 6. Nf3 O-O 7. Be2 c6 8.
O-O Qe8 9. a3 Bd6 10. b4 Bg4 11. Bb2 Qh5 12. g3 Nbd7 13. Nd4 Ne5 14. f3 Qh3 15.
Rf2 Rae8 16. Bf1 Qh5 17. Be2 a5 18. b5 a4 19. bxc6 bxc6 20. Nxa4 Qh6 21. Bc1
Ne4 22. Rg2 Bh3 23. fxe4 Bxg2 24. Kxg2 Rf2+ 25. Kxf2 Qxh2+ 26. Ke1 Nc4 27. Bxc4
Bxg3+ 0-1

[Event "III Scaccomatto A"]
[Site "Torino ITA"]
[Date "2000.11.21"]
[Round "4"]
[White "Jurkovic, Ante"]
[Black "Gleizerov, Evgeny"]
[Result "0-1"]
[WhiteElo "2370"]
[BlackElo "2569"]
[PlyCount "60"]
[EventDate "2000.11.18"]

1. e4 e6 2. d4 d5 3. Nc3 Nf6 4. e5 Nfd7 5. f4 c5 6. Nf3 a6 7. Bd3 Nc6 8. O-O
Nxd4 9. Nxd4 cxd4 10. Ne2 Bc5 11. a3 f6 12. Ng3 O-O 13. Qh5 f5 14. Ne2 Ba7 15.
b4 Nb6 16. g4 g6 17. Qh6 Nc4 18. gxf5 exf5 19. Rf3 Ne3 20. h3 Nxc2 21. Rb1 Ne1
22. Rg3 Qc7 23. Rb3 Rf7 24. Kf2 Nxd3+ 25. Rbxd3 Bd7 26. e6 Bxe6 27. Bb2 Re8 28.
h4 Bd7 29. Bxd4 Rxe2+ 30. Kxe2 Qc2+ 0-1

[Event "III Scaccomatto A"]
[Site "Torino ITA"]
[Date "2000.11.21"]
[Round "4"]
[White "Lazic, Miroljub"]
[Black "De Barberis, Massimo"]
[Result "1-0"]
[WhiteElo "2488"]
[BlackElo "2103"]
[PlyCount "57"]
[EventDate "2000.11.18"]

1. Nf3 Nf6 2. b3 e6 3. Bb2 c5 4. e3 Be7 5. c4 d5 6. cxd5 exd5 7. Be2 O-O 8. O-O
Nc6 9. d4 Be6 10. Nc3 Ne4 11. dxc5 Bxc5 12. Nb5 Qe7 13. a3 Rad8 14. b4 Bb6 15.
Rc1 Bg4 16. Nfd4 Nxd4 17. Nxd4 Bxe2 18. Nxe2 Rfe8 19. Bd4 Bxd4 20. Qxd4 a6 21.
Rc2 Kf8 22. Qd3 Qe5 23. Rfc1 Re7 24. f3 Nd6 25. Qxh7 Qxe3+ 26. Kf1 Qh6 27. Qxh6
gxh6 28. Rd2 Nc4 29. Rxc4 1-0

[Event "III Scaccomatto A"]
[Site "Torino ITA"]
[Date "2000.11.21"]
[Round "4"]
[White "Maccagno, Giancarlo"]
[Black "Cebalo, Miso"]
[Result "0-1"]
[WhiteElo "2152"]
[BlackElo "2520"]
[PlyCount "82"]
[EventDate "2000.11.18"]

1. e4 c5 2. c3 d5 3. exd5 Qxd5 4. d4 g6 5. Nf3 Bg7 6. Be3 cxd4 7. Bxd4 Nf6 8.
Nbd2 Nc6 9. Bc4 Qa5 10. b4 Qc7 11. Qb3 O-O 12. O-O Bg4 13. Be3 Rac8 14. Ng5 Nd8
15. h3 Bf5 16. g4 Bd7 17. Bc5 h6 18. Ngf3 Be6 19. Rfe1 b6 20. Bxe6 Nxe6 21. Bd4
Nxd4 22. Nxd4 Qxc3 23. N2f3 e6 24. Nb5 Qxb3 25. axb3 Nd5 26. Rxa7 Nxb4 27. Re4
Nd5 28. Rc4 Ra8 29. Rca4 Rxa7 30. Rxa7 Rd8 31. Nd2 Nf4 32. Nc4 Rd3 33. Nbd6
Nxh3+ 34. Kg2 Nf4+ 35. Kg1 b5 36. Nxb5 Bf8 37. Ne5 Rd5 38. Rxf7 Rxe5 39. Rxf4
Rxb5 40. Rf6 Rb6 41. Rxg6+ Kf7 0-1

[Event "III Scaccomatto A"]
[Site "Torino ITA"]
[Date "2000.11.21"]
[Round "4"]
[White "Malano, Francesco"]
[Black "Spinelli, Doriano"]
[Result "0-1"]
[WhiteElo "2028"]
[BlackElo "2189"]
[PlyCount "170"]
[EventDate "2000.11.18"]

1. Nf3 d5 2. b3 f5 3. Bb2 e6 4. g3 Nf6 5. Bg2 Bd6 6. O-O O-O 7. d3 Nbd7 8. Nbd2
e5 9. e4 fxe4 10. dxe4 d4 11. Qe2 Qe7 12. Ne1 Nb6 13. c3 c5 14. c4 a5 15. a4 g5
16. f3 Be6 17. Nd3 Nc8 18. Rae1 Qg7 19. Bc1 b6 20. Rf2 Ra7 21. g4 Ne7 22. Nf1
h5 23. h3 h4 24. Nh2 Nh7 25. Qd2 Ng6 26. Qd1 Rc7 27. Bd2 Nf4 28. Bxf4 gxf4 29.
Nf1 Ng5 30. Kh2 Be7 31. Nd2 Nf7 32. Rff1 Bg5 33. Nb1 Nd6 34. Nd2 Kf7 35. Rf2
Kf6 36. Rff1 Rb8 37. Qe2 Qf7 38. Rc1 Bd7 39. Rc2 Ke6 40. Rfc1 Ne8 41. Ra1 Ra8
42. Rcc1 Qe7 43. Rc2 Kd6 44. Rcc1 Be6 45. Rc2 Qd8 46. Rcc1 Rg7 47. Rf1 Nf6 48.
Ra2 Bh6 49. Raa1 Raa7 50. Nb1 Rg6 51. Nd2 Rag7 52. Nf2 Nh5 53. Rg1 Ng3 54. Qd1
Bg5 55. Nd3 Qc7 56. Bf1 Bd8 57. Be2 Qf7 58. Nf2 Bc7 59. Nf1 Kc6 60. Kg2 Qg8 61.
Nh2 Kb7 62. Nd3 Bd7 63. Rc1 Bc6 64. Kf2 Ka7 65. Ke1 Qa8 66. Nf2 Nxe4 67. Nxe4
Bxe4 68. fxe4 Qxe4 69. Qd3 Qxd3 70. Bxd3 e4 71. Kd2 exd3 72. Rce1 f3 73. Nxf3
Bg3 74. Re4 Rf6 75. Ne1 Rf2+ 76. Kxd3 Rh2 77. Rf1 Bxe1 78. Rfxe1 Rxh3+ 79. Kc2
Rf3 80. Re7+ Rxe7 81. Rxe7+ Kb8 82. Rg7 Rg3 83. g5 h3 84. Rh7 Rg2+ 85. Kd3
85... h2 {...} 0-1

[Event "III Scaccomatto A"]
[Site "Torino ITA"]
[Date "2000.11.21"]
[Round "4"]
[White "Rossi, Giampiero"]
[Black "Raviola, Giuseppe"]
[Result "1/2-1/2"]
[WhiteElo "2101"]
[BlackElo "1909"]
[PlyCount "60"]
[EventDate "2000.11.18"]

1. d4 Nf6 2. c4 e6 3. Nc3 d5 4. cxd5 exd5 5. Bg5 Be7 6. e3 O-O 7. Qc2 c6 8. Bd3
Nbd7 9. Nf3 Re8 10. O-O h6 11. Bf4 Nf8 12. Rfc1 Bd6 13. Bxd6 Qxd6 14. Rab1 Ne6
15. b4 Bd7 16. Ne5 Rac8 17. Na4 Rf8 18. Nc5 Rc7 19. Nxe6 Bxe6 20. Qc5 Qxc5 21.
Rxc5 Nd7 22. Nxd7 Bxd7 23. Rbc1 Rfc8 24. b5 b6 25. R5c3 c5 26. a4 Kf8 27. Kf1
Ke7 28. Ke1 Kd6 29. Kd2 h5 30. Be2 g6 1/2-1/2

[Event "III Scaccomatto A"]
[Site "Torino ITA"]
[Date "2000.11.21"]
[Round "4"]
[White "Saccona, Silvano"]
[Black "Cantore, Alberto"]
[Result "1/2-1/2"]
[WhiteElo "2113"]
[BlackElo "2168"]
[PlyCount "142"]
[EventDate "2000.11.18"]

1. e4 e5 2. Nf3 Nc6 3. Bb5 a6 4. Ba4 Nf6 5. d3 b5 6. Bb3 Be7 7. c3 d6 8. h3 Na5
9. Bc2 c5 10. O-O O-O 11. Re1 Nc6 12. Nbd2 Qc7 13. Nf1 d5 14. Ng3 dxe4 15. dxe4
Rd8 16. Qe2 g6 17. Bg5 Kg7 18. Rad1 Be6 19. Qe3 Ng8 20. Rxd8 Rxd8 21. Bxe7 Qxe7
22. Nf1 f6 23. Bb1 Nh6 24. N3d2 Na5 25. Rc1 Nf7 26. h4 h5 27. Re1 Qd6 28. b3
Nc6 29. Nf3 b4 30. c4 Nh6 31. N3h2 a5 32. Qc1 Nd4 33. Ne3 Qa6 34. Nd5 Bf7 35.
Qe3 a4 36. f4 axb3 37. axb3 exf4 38. Nxf4 Re8 39. Qg3 Kh7 40. Nd5 Qc6 41. Kh1
Re6 42. Rf1 Ng8 43. Nf3 Nxf3 44. gxf3 Qd6 45. f4 Nh6 46. Bc2 Re8 47. Rd1 Ra8
48. e5 fxe5 49. fxe5 Qe6 50. Re1 Ra2 51. Bb1 Rb2 52. Nf4 Qg4 53. Qxg4 Nxg4 54.
e6 Be8 55. e7 Nf6 56. Nd5 Kg7 57. Rf1 Bc6 58. Rxf6 Rxb1+ 59. Kh2 Rb2+ 60. Kg1
Bd7 61. Rd6 Be8 62. Rd8 Kf7 63. Nc7 Kxe7 64. Rxe8+ Kd7 65. Re5 Kxc7 66. Rxc5+
Kd6 67. Rd5+ Ke6 68. Rg5 Rxb3 69. Rxg6+ Kf7 70. Rg5 Rc3 71. Rxh5 Rxc4 1/2-1/2

[Event "III Scaccomatto A"]
[Site "Torino ITA"]
[Date "2000.11.21"]
[Round "4"]
[White "Scarenzio, Renato"]
[Black "Paragua, Mark"]
[Result "0-1"]
[WhiteElo "2024"]
[BlackElo "2412"]
[PlyCount "86"]
[EventDate "2000.11.18"]

1. d4 Nf6 2. c4 g6 3. Nc3 Bg7 4. e4 d6 5. f3 O-O 6. Bg5 c5 7. d5 h6 8. Be3 e6
9. Bd3 exd5 10. cxd5 a6 11. a4 Re8 12. Qd2 h5 13. Nge2 Nbd7 14. O-O Ne5 15. Nf4
Nfd7 16. Be2 c4 17. a5 Nc5 18. Bxc5 dxc5 19. Na4 Bh6 20. Nb6 Rb8 21. Nxc4 Qg5
22. Nd6 Bh3 23. Nxe8 Bxg2 24. h4 Qg3 25. Nf6+ Kf8 26. N4xh5 Bxf1+ 27. Nxg3 Bxd2
28. Nxf1 Bf4 29. d6 Rd8 30. Rd1 Nc6 31. d7 Nd4 32. Kf2 Be5 33. Ng4 Bb8 34. b4
cxb4 35. Rxd4 Ba7 36. Kg2 Bxd4 37. Bc4 Rxd7 38. Nge3 Rc7 39. Ba2 Rc3 40. Bb1
Bxe3 41. Nxe3 Rxe3 42. Kf2 Rb3 43. Bc2 Rb2 0-1

[Event "III Scaccomatto A"]
[Site "Torino ITA"]
[Date "2000.11.21"]
[Round "4"]
[White "Soncin, Denis"]
[Black "Straub, Peter"]
[Result "0-1"]
[WhiteElo "2147"]
[BlackElo "2086"]
[PlyCount "77"]
[EventDate "2000.11.18"]

1. e4 c5 2. Nf3 e6 3. Qe2 Nc6 4. g3 g6 5. Bg2 Bg7 6. O-O Nge7 7. Nc3 d6 8. d3
O-O 9. Be3 b6 10. Rfd1 e5 11. Qd2 Nd4 12. Ne1 Bg4 13. f3 Be6 14. Ne2 Nxe2+ 15.
Qxe2 d5 16. Qd2 Qd7 17. Bh6 Rad8 18. Bxg7 Kxg7 19. Bf1 f5 20. f4 dxe4 21. Qf2
exf4 22. gxf4 Qc7 23. c3 Rd7 24. Rd2 Rfd8 25. b3 Nd5 26. dxe4 fxe4 27. Ng2 Nxc3
28. Rxd7+ Qxd7 29. Rc1 Nd1 30. Rxd1 Qxd1 31. Qh4 Qd4+ 32. Kh1 Qf6 33. Qe1 Rd6
34. Qg3 e3 35. f5 Bxf5 36. Nxe3 Be4+ 37. Kg1 Qf3 38. Qe5+ Kh6 39. Ng2 0-1

[Event "III Scaccomatto A"]
[Site "Torino ITA"]
[Date "2000.11.21"]
[Round "4"]
[White "Van Hoolandt, Patrick"]
[Black "Valenti, Giuseppe"]
[Result "1-0"]
[WhiteElo "2169"]
[BlackElo "2190"]
[PlyCount "59"]
[EventDate "2000.11.18"]

1. c4 e5 2. Nc3 Bb4 3. g3 Bxc3 4. bxc3 d6 5. Bg2 Nd7 6. d4 Ne7 7. Nf3 O-O 8.
O-O h6 9. e3 Nc6 10. Ba3 Re8 11. Nd2 f5 12. Rb1 Nf6 13. Qc2 e4 14. f3 exf3 15.
Rxf3 Rb8 16. Re1 Qe7 17. Rff1 Bd7 18. c5 d5 19. c4 Be6 20. cxd5 Nxd5 21. Bxd5
Bxd5 22. Qxf5 Rbd8 23. Qb1 Qg5 24. Bc1 Qh5 25. e4 Nxd4 26. exd5 Ne2+ 27. Kg2
Qxd5+ 28. Nf3 Nd4 29. Be3 Nf5 30. Bg1 1-0

[Event "III Scaccomatto A"]
[Site "Torino ITA"]
[Date "2000.11.22"]
[Round "5"]
[White "Antoniacci, Riccardo"]
[Black "Saccona, Silvano"]
[Result "0-1"]
[WhiteElo "2065"]
[BlackElo "2113"]
[PlyCount "82"]
[EventDate "2000.11.18"]

1. e4 c6 2. Nc3 d5 3. Nf3 dxe4 4. Nxe4 Nf6 5. Ng3 Bg4 6. h3 Bxf3 7. Qxf3 e6 8.
b3 Qd5 9. Be2 Be7 10. Bb2 O-O 11. c4 Qxf3 12. Bxf3 Na6 13. Ne4 Nxe4 14. Bxe4
Nc5 15. Bc2 Rfd8 16. d4 Bf6 17. O-O-O Na6 18. Be4 Rac8 19. f4 Rc7 20. Rd2 Rcd7
21. Rhd1 Nc7 22. b4 Ne8 23. g4 Nd6 24. Bd3 h6 25. Kc2 Ra8 26. a4 a6 27. Rg1 Be7
28. c5 Ne8 29. f5 exf5 30. gxf5 Bf6 31. Bc4 Nc7 32. Kb3 Nd5 33. Rg3 Kf8 34.
Rdg2 Re8 35. Bc1 Bxd4 36. Bxh6 gxh6 37. Rg8+ Ke7 38. Re2+ Ne3 39. f6+ Kd8 40.
Rg7 Bxf6 41. Bxf7 Bxg7 0-1

[Event "III Scaccomatto A"]
[Site "Torino ITA"]
[Date "2000.11.22"]
[Round "5"]
[White "Cantore, Alberto"]
[Black "Soncin, Denis"]
[Result "0-1"]
[WhiteElo "2168"]
[BlackElo "2147"]
[PlyCount "70"]
[EventDate "2000.11.18"]

1. d4 Nf6 2. Nf3 g6 3. c4 Bg7 4. Nc3 d5 5. cxd5 Nxd5 6. Bd2 O-O 7. e3 c6 8. Qb3
Nb6 9. Na4 Be6 10. Qc2 Nxa4 11. Qxa4 Nd7 12. Rc1 c5 13. Bc3 Nb6 14. Qa3 cxd4
15. Nxd4 Bd5 16. b3 f5 17. Qb2 f4 18. e4 e5 19. exd5 exd4 20. Bxd4 Qe7+ 21. Kd2
Bxd4 22. Qxd4 Rfd8 23. Bc4 Qd6 24. Rhe1 Rac8 25. Re5 Nxc4+ 26. Rxc4 Rxc4 27.
bxc4 Qb4+ 28. Ke2 b5 29. Re4 bxc4 30. Qxa7 Qb5 31. d6 c3+ 32. Kf3 Qd3+ 33. Kxf4
Rf8+ 34. Ke5 Re8+ 35. Kf6 Qxd6+ 0-1

[Event "III Scaccomatto A"]
[Site "Torino ITA"]
[Date "2000.11.22"]
[Round "5"]
[White "De Barberis, Massimo"]
[Black "Jurkovic, Ante"]
[Result "0-1"]
[WhiteElo "2103"]
[BlackElo "2370"]
[PlyCount "38"]
[EventDate "2000.11.18"]

1. e4 e6 2. d4 d5 3. e5 c5 4. c3 Nc6 5. Nf3 Bd7 6. Be2 Nh6 7. Bxh6 gxh6 8. a3
Qb6 9. b4 cxd4 10. cxd4 Rc8 11. O-O Bg7 12. Qd3 f6 13. b5 Nxe5 14. Nxe5 fxe5
15. Bh5+ Ke7 16. a4 Qxd4 17. Qa3+ Qc5 18. Qg3 Bf6 19. Nd2 Rhg8 0-1

[Event "III Scaccomatto A"]
[Site "Torino ITA"]
[Date "2000.11.22"]
[Round "5"]
[White "Faraoni, Enrico"]
[Black "Genova, Ruzka"]
[Result "1-0"]
[WhiteElo "2174"]
[BlackElo "2191"]
[PlyCount "71"]
[EventDate "2000.11.18"]

1. e4 c5 2. Nf3 d6 3. d4 cxd4 4. Nxd4 Nf6 5. Nc3 Bd7 6. f3 Nc6 7. Nb3 g6 8. Be3
Bg7 9. g4 Na5 10. Qd2 Nxb3 11. axb3 Bc6 12. h4 h5 13. g5 Nd7 14. Bg2 b6 15. f4
Nc5 16. b4 Ne6 17. O-O O-O 18. f5 Nc7 19. f6 exf6 20. gxf6 Bh8 21. Rad1 Nb5 22.
Nd5 Re8 23. c4 Bxd5 24. Qxd5 Nc7 25. Qxd6 Qxd6 26. Rxd6 Na6 27. e5 Rac8 28. e6
Nxb4 29. exf7+ Kxf7 30. Rd7+ Ke6 31. Bh3+ Ke5 32. f7 Rf8 33. Re7+ Kd6 34. Re6+
Kc7 35. Bf4+ Kb7 36. Re7+ 1-0

[Event "III Scaccomatto A"]
[Site "Torino ITA"]
[Date "2000.11.22"]
[Round "5"]
[White "Quinn, Mark Peter"]
[Black "Mrdja, Milan"]
[Result "0-1"]
[WhiteElo "2381"]
[BlackElo "2431"]
[PlyCount "114"]
[EventDate "2000.11.18"]

1. c4 Nf6 2. Nc3 g6 3. e4 d6 4. d4 Bg7 5. Be2 O-O 6. Bg5 c5 7. d5 a6 8. a4 Qa5
9. Bd2 e6 10. f3 exd5 11. Nxd5 Qd8 12. Bg5 Nc6 13. Qd2 Nd4 14. Bd1 Be6 15. Ne2
Bxd5 16. cxd5 Nxe2 17. Bxe2 b5 18. O-O Qb6 19. Be3 Nd7 20. Ra2 b4 21. b3 Bc3
22. Qc1 f5 23. exf5 Rxf5 24. f4 Re8 25. Kh1 Nf6 26. g4 Nxd5 27. Bc4 Kg7 28. Bg1
Qc6 29. Rg2 Rff8 30. f5 Nf6 31. g5 Ne4 32. f6+ Kh8 33. Rd1 Re5 34. h4 d5 35.
Bd3 Rf5 36. Qe3 Bd4 37. Qh3 Bxg1 38. Bxe4 dxe4 39. h5 Rf3 40. Qg4 gxh5 41. Qxh5
Qe6 42. Kxg1 Rh3 43. Qg4 Qxb3 44. Re1 Qc3 45. Rxe4 Qc1+ 46. Kf2 Rd3 47. Re7
Rd2+ 48. Kg3 Rxg2+ 49. Kxg2 Qc2+ 50. Kh3 Qd3+ 51. Kh4 Rd8 52. Qf4 Kg8 53. Rg7+
Kf8 54. Qh2 b3 55. g6 hxg6 56. Qc7 Rd4+ 57. Kg5 Qf5+ 0-1

[Event "III Scaccomatto A"]
[Site "Torino ITA"]
[Date "2000.11.22"]
[Round "5"]
[White "Racioppo, Paolo"]
[Black "Maccagno, Giancarlo"]
[Result "1/2-1/2"]
[WhiteElo "2189"]
[BlackElo "2152"]
[PlyCount "40"]
[EventDate "2000.11.18"]

1. e4 c5 2. Nf3 e6 3. d3 g6 4. g3 Bg7 5. Bg2 Nc6 6. O-O Nge7 7. Nbd2 O-O 8. Re1
d5 9. e5 Qc7 10. Qe2 b5 11. Nf1 Bb7 12. h4 Nd4 13. Nxd4 cxd4 14. Bf4 Rfc8 15.
Rac1 Qa5 16. a3 Qa4 17. Nh2 Rc7 18. Red1 Rac8 19. Rd2 b4 20. axb4 Qxb4 1/2-1/2